[Event "Punta del Este Alekhine op"]
[Site "Punta del Este"]
[Date "2020.03.06"]
[Round "1"]
[White "Braso, Jorge"]
[Black "Recarte, Pablo"]
[Result "1-0"]
[WhiteElo "2102"]
[BlackElo "1642"]
[PlyCount "39"]
[EventDate "2020.03.06"]
[EventType "swiss"]
[EventRounds "5"]
[EventCountry "URU"]
[SourceTitle "EXT 2021"]
[Source "ChessBase"]
[SourceDate "2020.10.23"]
[SourceVersion "1"]
[SourceVersionDate "2020.10.23"]
[SourceQuality "1"]

1. e4 c5 2. Nf3 Nc6 3. d4 cxd4 4. Nxd4 e5 5. Nb5 h6 6. Bc4 a6 7. Nd6+ Bxd6 8. Qxd6 Qe7 9. Qxe7+ Ngxe7 10. Be3 b5 11. Bb3 Nd4 12. Bxd4 exd4 13. 0-0 a5 14. Re1 0-0 15. Nd2 d6 16. Nf3 Ng6 17. Nxd4 Ne5 18. Nf5 Nc4 19. Bxc4 bxc4 20. Nxd6 1-0

[Event "Punta del Este op 4th"]
[Site "Punta del Este"]
[Date "2015.11.14"]
[Round "3"]
[White "Recarte, Pablo"]
[Black "Ruiz, Ulises"]
[Result "1-0"]
[WhiteElo "1858"]
[BlackElo "1617"]
[PlyCount "47"]
[EventDate "2015.11.13"]
[EventType "swiss"]
[EventRounds "5"]
[EventCountry "URU"]
[SourceTitle "CBM 169 Extra"]
[Source "ChessBase"]
[SourceDate "2015.12.18"]
[SourceVersion "1"]
[SourceVersionDate "2015.12.18"]
[SourceQuality "1"]

1. e4 c5 2. Nc3 d6 3. f4 e6 4. Bb5+ Bd7 5. Bxd7+ Qxd7 6. Nf3 Nf6 7. e5 dxe5 8. fxe5 Nd5 9. Ne4 Nc6 10. d3 h6 11. a3 Nde7 12. Nd6+ Kd8 13. Nxf7+ Kc7 14. Nxh8 Qe8 15. 0-0 g5 16. Bxg5 hxg5 17. Nxg5 Nf5 18. Nhf7 Ne3 19. Qe2 Nxf1 20. Rxf1 Nd4 21. Qf2 b6 22. c3 Nc6 23. Qf6 Be7 24. Nxe6+ 1-0